00917 a2200397 4500000002100000001000700021005001700028008004100045010000500086020001800091082001900109100007000128110000500198245010900203250000500312260003900317300001000356490000700366500000500373600000500378610000500383611000500388630001600393650000500409651000500414654000500419700002600424700002600450710000900476711000500485720000500490730000500495740000500500752000500505856000900510BKB 14198520200902165641.0  a a9781412945646 a338.9072bT36R aResearch skills for policy and development : how to find out fast a1 aResearch skills for policy and development : how to find out fastcedited by Alan Thomas and Giles Mohan a aLos AnglesbSage publicationc2013 a363p. av a a a a aSocial Work a a a aMohan, Giles, ed.bc aThomas, Alan, ed.bc abc a a a a a adf